Scottish house condition survey (Record no. 106888)
[ view plain ]
| 000 -LEADER | |
|---|---|
| fixed length control field | 01281cad a22002535a 4500 |
| 001 - CONTROL NUMBER | |
| control field | L137735 |
| 008 - FIXED-LENGTH DATA ELEMENTS--GENERAL INFORMATION | |
| fixed length control field | 070425e20070328xxkd f s s000 0 eng d |
| 020 ## - INTERNATIONAL STANDARD BOOK NUMBER | |
| International Standard Book Number | 9780755965663 |
| 035 ## - SYSTEM CONTROL NUMBER | |
| System control number | (Sirsi) u137735 |
| 041 0# - LANGUAGE CODE | |
| Language code of text/sound track or separate title | eng |
| 050 04 - LIBRARY OF CONGRESS CALL NUMBER | |
| Classification number | 306.1 $2 18 |
| 100 1# - MAIN ENTRY--PERSONAL NAME | |
| Personal name | Amabile, Debbie |
| 245 00 - TITLE STATEMENT | |
| Title | Scottish house condition survey |
| Remainder of title | key findings for 2004/5 |
| Medium | [electronic resource] |
| 260 ## - PUBLICATION, DISTRIBUTION, ETC. | |
| Place of publication, distribution, etc. | Edinburgh |
| Name of publisher, distributor, etc. | Scottish Executive Development Department |
| Date of publication, distribution, etc. | 2007 |
| 520 ## - SUMMARY, ETC. | |
| Summary, etc. | Finds a rise in the numbers renting from housing associations and cooperatives, and a corresponding fall in rentals from local authorities. Right to buy has also increased the number of homes owned outright. Contains data on housing stock types and the energy efficiency of homes. Finds that fuel poverty levels are up from 2003/4. The Scottish Quality Housing Standard continues a gradual rise. Used a smaller sample than in previous years. |
| 650 24 - SUBJECT ADDED ENTRY--TOPICAL TERM | |
| Topical term or geographic name entry element | SCOTTISH QUALITY HOUSING STANDARD |
| 650 24 - SUBJECT ADDED ENTRY--TOPICAL TERM | |
| Topical term or geographic name entry element | RIGHT TO BUY |
| 651 #4 - SUBJECT ADDED ENTRY--GEOGRAPHIC NAME | |
| Geographic name | Scotland |
| Chronological subdivision | 1999- |
| 690 ## - LOCAL SUBJECT ADDED ENTRY--TOPICAL TERM (OCLC, RLIN) | |
| Topical term or geographic name as entry element | Residential property |
| 9 (RLIN) | 6266 |
| 700 1# - ADDED ENTRY--PERSONAL NAME | |
| Personal name | Cormack, Dave |
| 700 1# - ADDED ENTRY--PERSONAL NAME | |
| Personal name | Hinchliffe, Stephen |
| 856 48 - ELECTRONIC LOCATION AND ACCESS | |
| Uniform Resource Identifier | <a href="https://www.scotland.gov.uk/Publications/2007/03/26155927/0">https://www.scotland.gov.uk/Publications/2007/03/26155927/0</a> |
| Public note | View the item free of charge at www.scotland.gov.uk/Publications |
| 942 ## - ADDED ENTRY ELEMENTS (KOHA) | |
| Suppress in OPAC | 0 |
| Withdrawn status | Lost status | Source of classification or shelving scheme | Damaged status | Not for loan | Home library | Current library | Shelving location | Date acquired | Total Checkouts | Full call number | Barcode | Date last seen | Copy number | Price effective from | Koha item type |
|---|---|---|---|---|---|---|---|---|---|---|---|---|---|---|---|
| Dewey Decimal Classification | Virtual | Virtual | Online | 25/04/2007 | ONLINE PUBLICATION | 137735-2001 | 06/08/2019 | 1 | 06/08/2019 | Book |